Community Health Nursing - I (Record no. 1837)

MARC details
000 -LEADER
Fixed length control field 00569nam a22001937a 4500
003 - CONTROL NUMBER IDENTIFIER
Control field IIN
005 - DATE AND TIME OF LATEST TRANSACTION
Control field 20250522114629.0
008 - FIXED-LENGTH DATA ELEMENTS--GENERAL INFORMATION
Fixed length control field 250522s2024 |||ad||| |||| 001 0 eng d
020 ## - INTERNATIONAL STANDARD BOOK NUMBER / ISBN
International Standard Book Number 9789392242540
040 ## - CATALOGING SOURCE
Original cataloging agency IIN
082 ## - DEWEY DECIMAL CLASSIFICATION NUMBER
Classification number 610.7343
Book Number SHA
100 ## - MAIN ENTRY--PERSONAL NAME
Personal name Sharma, Monika
245 ## - TITLE STATEMENT
Title Community Health Nursing - I
Sub title Including Environmental Science & Epidemiology for BSc Nursing Students (Sem - V)/
Statement of responsibility Manika Sharma
260 ## - IMPRINT
Place of publication Punjab
Name of publisher VHS
Date of publication 2024
300 ## - PHYSICAL DESCRIPTION
Page / Vol. No xiii, 465 p.
Other physical details ill.
500 ## - GENERAL NOTE
General note Includes Index
650 ## - SUBJECT ADDED ENTRY--TOPICAL TERM
Topical term Community Health
Form subdivision Nursing
942 ## - ADDED ENTRY ELEMENTS (KOHA)
Koha item type Books
Holdings
Withdrawn status Lost status Source of classification Damaged status Not for loan Collection code Home library Current library Shelving location Date acquired Total Checkouts Call number Accession number Date last seen Date checked out Price effective from Koha item type
    Dewey Decimal Classification     Purches Book IDEAL INSTITUTE OF NURSING IDEAL INSTITUTE OF NURSING General Stacks 11/03/2025 1 610.7343 SHA 2063 09/01/2026 12/12/2025 22/05/2025 Books
© Ideal Institute Of Nursing, All rights reserved.         Powered by Koha